| 000 | 00987ngm a22003490a 4500 | ||
|---|---|---|---|
| 001 | PT14662 | ||
| 003 | AR-LpoUNG | ||
| 005 | 20210201235906.0 | ||
| 007 | vd cvaizq | ||
| 008 | 191001s1999||||ag |||||||||||||||||spa d | ||
| 020 | _a9879681738 | ||
| 040 |
_aAR-LpoUNG _bspa _cAR-LpoUNG _eaacr |
||
| 041 | _aspa | ||
| 044 | _aag | ||
| 082 | 0 | _a982.03 356mi | |
| 100 | 1 |
_aGerardo, Juan Carlos _edir. |
|
| 245 | 1 | 0 |
_aMigraciones a la Argentina : _b3er. ciclo E.G.B. ciencias sociales |
| 250 | _a1º edición | ||
| 260 |
_aBuenos Aires : _bGerardo Producciones, _c1999. |
||
| 300 | _aVHS (26 min.) : son., col. | ||
| 505 | 0 | _aAcompañado por una guía didáctica. Pertenece a la colección Vidacta | |
| 650 | 4 | _aANALISIS HISTORICO | |
| 650 | 4 | _aARGENTINA | |
| 650 | 4 | _aIDENTIDAD CULTURAL | |
| 650 | 4 | _aMIGRACION | |
| 650 | 4 | _aPOLITICA MIGRATORIA | |
| 653 | _aVIDEOS | ||
| 653 | _aVIDEOS DIDACTICOS | ||
| 700 | 1 | _aMaluendres, Daniel | |
| 905 | _a14662 | ||
| 942 | _cVIDEO | ||
| 999 |
_c53725 _d53725 |
||